Cuerpo Humano por Letra - G - Estadísticas

Estadísticas generales
  • Esta prueba ha sido intentada 178 veces
  • La puntuación promedio es 10 de 15
Estadísticas de respuestas
Definición Respuesta % Correcto
Azúcar principal que se encuentra en la sangre. Glucosa
94%
Músculo que se ubica en la nalga. Glúteo
90%
Sentido corporal con el que se percibe el sabor. Gusto
89%
Segmentos pequeños de ADN que contienen información genética específica. Gen
87%
Tubo muscular hueco que se encuentra dentro del cuello y que actúa como conducto. Garganta
83%
Tejido presente en el cerebro y en la médula espinal. Materia {Gris}
72%
Músculo situado en la región posterior de la pierna y el más superficial de la pantorrilla. Gemelo
71%
Infección o enfermedad de trasmisión sexual causada por bacterias. Gonorrea
68%
Órgano que produce una o más sustancias (Ej: gástrica, nasal, pituitaria, etc) Glándula
58%
La inflamación del revestimiento del estómago. Gastritis
57%
Órganos del sistema reproductor. Genitales
56%
Tipo de nutriente que se obtiene de la alimentación y se usa como combustible. Grasa
55%
Enfermedad infecciosa aguda, que afecta al aparato respiratorio. Gripe
53%
Estructura en forma de frijol que forma parte del sistema inmunitario. Ganglio
31%
Trastorno metabólico que causa ataques de artitris. Gota
18%
No se encontraron pruebas coincidentes
Distribución de puntuación
Porcentaje de gente con cada puntuación
Porcentaje por número respondido
Historial de tus puntuaciones
No has intentado esta prueba.